Statistics for Country Mash- Vowels Removed

Click here to take the quiz!

General Stats

  • This quiz has been taken 15 times
  • The average score is 7 of 12

Answer Stats

HintAnswer% Correct
JpnmJapanama
82%
PrtglgrPortugalgeria
82%
BhtnznBhutanzania
73%
SrlnkzkhstnSriLankazakhstan
73%
VtnmbVietnamibia
73%
BrknfsmlBurkinafasomalia
64%
PnmlwPanamalawi
64%
QtrgntnQatargentina
64%
ThlndrrThailandorra
64%
MrcctdvrMoroccoted'ivoire
55%
SrlslvdrIsraelsalvador
36%
SrnrmnSurinarmenia
0%

Score Distribution

Percentile by Number Answered

Percent of People with Each Score

Your Score History

You have not taken this quiz